banner-ar

PAGE DESIGN WITH QUARK XPESS 3.2 FOR MAC / (Record no. 16538)

MARC details
000 -الفاتح
حقل البيانات ثابتة الطول 00477nam a2200169Ia 4500
008 - عناصر البيانات ثابتة الطول - معلومات عامة
حقل البيانات ثابتة الطول 140319s9999 xx 000 0 eng d
040 ## - مصدر الفهرسة
وكالة الفهرسة الأصلية GCL /
وكالة النسخ GCL
082 04 - رقم تصنيف ديوى العشرى
رقم التصنيف 006.676
رقم المادة F P
100 1# - المدخل الرئيسى - إسم شخصى
الإسم الشخصى FELLERS, PATRICK W.
245 10 - بيان العنوان
العنوان PAGE DESIGN WITH QUARK XPESS 3.2 FOR MAC /
بيان المسئوليه,etc FELLERS, PATRICK W.
260 ## - PUBLICATION, DISTRIBUTION, ETC. (IMPRINT)
تاريخ النشر أو التوزيع 1993
300 ## - الوصف المادى
التعداد 576
650 04 - المدخل الاضافى بالموضوع-مصطلح موضوعى
مصطلح موضوعي COMPUTER GRAPHICS
650 04 - المدخل الاضافى بالموضوع-مصطلح موضوعى
مصطلح موضوعي PAGE-1 ( ELECTIONC COMPUTER SYSTEM )
942 ## - عناصر المدخل الإضافي( كوها)
مصدر التصنيف او مخطط الترفيف Dewey Decimal Classification
Koha [default] item type كتاب
260 ## - PUBLICATION, DISTRIBUTION, ETC. (IMPRINT)
-- [S.N] :
-- SYBEX INC. ،
Holdings
حالة التراجع حالة الفقد حالة تلف ليس للاعارة المكان المؤقت الموقع الحالى تاريخ الاكتساب اجمالي اﻻعارات رقم الطلب الباركود تاريخ اخر مشاهدة تاريخ تفعيل السعر نوع وعاء كوها
        مكتبة القاهرة الكبرى مكتبة القاهرة الكبرى 03/26/2014   006.676\F P 30011 03/26/2014 03/26/2014 كتاب

Powered By

EGPV